[Event "Najdorf Memorial"]
[Site "Warsaw POL"]
[Date "2015.07.15"]
[Round "6.18"]
[White "Skawinski, Arkadiusz"]
[Black "Macieja, Bartlomiej"]
[Result "0-1"]
[WhiteElo "2358"]
[BlackElo "2586"]
[Annotator ""]
[Source ""]
[Remark ""]

1.e4 c5 2.c3 d5 3.exd5 Qxd5 4.d4 Nc6 5.Nf3 Bf5 6.Be3 Nf6 7.Na3
e6 8.dxc5 O-O-O 9.Nc4 Bxc5 10.Qxd5 Rxd5 11.Bxc5 Rxc5 12.Nd6+
Kc7 13.Nb5+ Kb8 14.Be2 Be4 15.Nd6 Bg6 16.Nh4 Rd8 17.O-O-O Bh5
18.Bxh5 Rxh5 19.g3 Rd7 20.f4 Rc5 21.Rhe1 Nb4 22.Nf3 Kc7 23.Kb1
Nbd5 24.c4 Kxd6 25.cxd5 Nxd5 26.Ne5 Rdc7 27.Rd2 g6 28.a3 Ke7
29.Nd3 R5c6 30.Ne5 Rd6 31.Nf3 Nf6 32.Rxd6 Kxd6 33.Ne5 h5 34.b4
Ng4 35.Rd1+ Ke7 36.Nxg4 hxg4 37.Kb2 Rd7 38.Rc1 Rd2+ 39.Kb3 Kd6
40.Rc8 Rxh2 41.Rf8 f5 0-1

[Event "Najdorf Memorial"]
[Site "Warsaw POL"]
[Date "2015.07.15"]
[Round "6.19"]
[White "Olszewski, Michal"]
[Black "Chomczyk, Marek"]
[Result "1-0"]
[WhiteElo "2562"]
[BlackElo "2165"]
[Annotator ""]
[Source ""]
[Remark ""]

1.e4 e5 2.Nf3 Nc6 3.Bb5 a6 4.Ba4 Nf6 5.O-O Be7 6.Qe2 b5 7.Bb3
d6 8.c3 O-O 9.Rd1 Na5 10.Bc2 c5 11.d4 cxd4 12.cxd4 Qc7 13.Nc3
Bg4 14.dxe5 dxe5 15.a3 Rad8 16.Bg5 Nc6 17.Bxf6 Bxf6 18.Nd5 Rxd5
19.exd5 Nd4 20.Rxd4 exd4 21.Bxh7+ Kxh7 22.Qe4+ Kg8 23.Qxg4 Rd8
24.Re1 Qc5 25.Qf5 d3 26.Qxd3 Bxb2 27.d6 Qc4 28.Qb1 Bxa3 29.d7
Qc6 30.Ng5 g6 31.Qb3 Qf6 32.Qxa3 Qxg5 33.Re8+ Kh7 34.Qh3+ 1-0

[Event "Najdorf Memorial"]
[Site "Warsaw POL"]
[Date "2015.07.15"]
[Round "6.20"]
[White "Bednarek, Sylwester"]
[Black "Bajarani, Ulvi"]
[Result "0-1"]
[WhiteElo "2291"]
[BlackElo "2515"]
[Annotator ""]
[Source ""]
[Remark ""]

1.e4 e6 2.d3 d5 3.Nd2 c5 4.Ngf3 Nc6 5.g3 g6 6.Bg2 Bg7 7.h4 h6
8.O-O Nge7 9.Re1 b6 10.Qe2 dxe4 11.dxe4 a5 12.c3 Ba6 13.Qd1 Qc7
14.a4 O-O 15.Qb3 Rab8 16.Nc4 Kh7 17.Bf4 e5 18.Bc1 f5 19.exf5
gxf5 20.Nfd2 e4 21.Nf1 Bxc4 22.Qxc4 Ne5 23.Qe2 Nd3 24.Bxe4 Nxe1
25.Bb1 Qe5 26.Be3 Kh8 27.Qxe1 f4 28.Bd2 fxg3 29.fxg3 Qf6 30.Ne3
Rbe8 31.Qf1 Rd8 32.Qxf6 Rxf6 33.Nc4 Re6 34.Kf2 Rf8+ 35.Kg1 Re2
36.Bc2 Rff2 37.Rd1 Nc6 38.Bg6 Rg2+ 39.Kf1 Ref2+ 40.Ke1 Ne5 41.Nxe5
Bxe5 42.Be3 Re2+ 43.Kf1 Rxe3 0-1

[Event "Najdorf Memorial"]
[Site "Warsaw POL"]
[Date "2015.07.15"]
[Round "6.21"]
[White "Stoma, Pawel"]
[Black "Socko, Monika"]
[Result "0-1"]
[WhiteElo "2353"]
[BlackElo "2472"]
[Annotator ""]
[Source ""]
[Remark ""]

1.e4 d6 2.d4 g6 3.Nc3 Bg7 4.Be3 a6 5.Qd2 b5 6.h4 h6 7.Nge2 Nd7
8.h5 g5 9.Ng3 Nb6 10.Bd3 Nf6 11.f3 e6 12.O-O-O b4 13.Nb1 a5 14.d5
Nfd7 15.Bb5 O-O 16.dxe6 fxe6 17.Bd4 Be5 18.Ne2 Ba6 19.Bxa6 Rxa6
20.Qd3 Ra8 21.Nd2 c5 22.Bxe5 Nxe5 23.Qe3 Qf6 24.g3 a4 25.c3 bxc3
26.bxc3 Rab8 27.f4 Nec4 28.Qd3 Na3 29.e5 dxe5 30.fxe5 Qxe5 31.Qg6+
Qg7 32.Qxe6+ Kh8 33.Qg6 Qxg6 34.hxg6 Kg7 35.g4 Nbc4 36.Nxc4 Rb1+
37.Kd2 Rd8+ 38.Nd4 Rxd1+ 39.Rxd1 Nxc4+ 40.Kd3 Nb2+ 0-1

[Event "Najdorf Memorial"]
[Site "Warsaw POL"]
[Date "2015.07.15"]
[Round "6.22"]
[White "Cukrowski, Filip"]
[Black "Matuszewski, Michal"]
[Result "0-1"]
[WhiteElo "2330"]
[BlackElo "2471"]
[Annotator ""]
[Source ""]
[Remark ""]

1.e4 c5 2.c3 g6 3.d4 cxd4 4.cxd4 d5 5.e5 Nc6 6.Nf3 a6 7.Nc3 Bg4
8.Be2 e6 9.Be3 Nge7 10.Qd2 Nf5 11.O-O h5 12.h3 Bxf3 13.Bxf3 Be7
14.Bd1 Na5 15.b3 Rc8 16.a3 O-O 17.Ne2 Qb6 18.Ng3 Nxe3 19.fxe3
Qb5 20.e4 Nxb3 21.Qh6 Qd3 22.Nxh5 gxh5 23.Bxb3 Qxd4+ 24.Kh1 Qxe5
25.exd5 Bd6 26.g3 Qe4+ 27.Kg1 Rc3 28.Qg5+ Qg6 29.Qxg6+ fxg6 30.Rxf8+
Kxf8 31.Rb1 Rxg3+ 32.Kf2 exd5 33.Bxd5 b5 34.a4 b4 35.Be4 Ra3
36.h4 Kg7 37.Rc1 Rc3 38.Rd1 Bg3+ 39.Ke2 Kf6 40.Rf1+ Kg7 41.Rd1
Rc4 42.Kf3 Be5 43.Rd7+ Kh6 44.Re7 Rc3+ 45.Ke2 Bd4 46.Bd3 Rc6
47.a5 Bf6 48.Rb7 Re6+ 49.Kf3 Bd4 50.Be4 Bc5 51.Rc7 Be7 52.Rb7
Bxh4 53.Rxb4 Bd8 54.Bd3 Bxa5 55.Ra4 Bb6 56.Bxa6 Re3+ 57.Kg2 g5
58.Bc4 Re4 59.Bb5 Re5 60.Bc4 Ba5 61.Ra2 g4 62.Re2 Rc5 63.Bf7
Kg5 64.Re6 Bd8 65.Rd6 Rc2+ 66.Kf1 Bc7 67.Rd5+ Kf4 68.Bxh5 Bb6
69.Rd3 Rf2+ 70.Ke1 g3 71.Rd7 Ba5+ 72.Kd1 g2 73.Rf7+ Kg5 0-1

[Event "Najdorf Memorial"]
[Site "Warsaw POL"]
[Date "2015.07.15"]
[Round "6.23"]
[White "Szczepkowska-horowska, Karina"]
[Black "Bartel, Michal"]
[Result "1/2-1/2"]
[WhiteElo "2392"]
[BlackElo "2331"]
[Annotator ""]
[Source ""]
[Remark ""]

1.d4 d5 2.c4 dxc4 3.Nf3 a6 4.e3 b5 5.a4 Bb7 6.b3 Nf6 7.bxc4 bxc4
8.Bxc4 e6 9.O-O Nbd7 10.Nbd2 Be7 11.Qe2 c5 12.Rb1 Ra7 13.Bb2
O-O 14.Rfd1 Bc6 15.Bb3 Qa8 16.Bc2 Rc8 17.e4 cxd4 18.Nxd4 Bb7
19.Rbc1 Qb8 20.Bb1 1/2-1/2

[Event "Najdorf Memorial"]
[Site "Warsaw POL"]
[Date "2015.07.15"]
[Round "6.24"]
[White "Nasuta, Grzegorz"]
[Black "Snihur, Piotr"]
[Result "1/2-1/2"]
[WhiteElo "2365"]
[BlackElo "2124"]
[Annotator ""]
[Source ""]
[Remark ""]

1.e4 c6 2.d4 d5 3.Nc3 dxe4 4.Nxe4 Bf5 5.Ng3 Bg6 6.h4 h6 7.Nf3
Nd7 8.h5 Bh7 9.Bd3 Bxd3 10.Qxd3 e6 11.Bd2 Ngf6 12.O-O-O Be7 13.Kb1
O-O 14.Ne4 Nxe4 15.Qxe4 Nf6 16.Qe2 Qd5 17.Ne5 Qe4 18.Qxe4 Nxe4
19.Be1 Nf6 20.f3 Rfd8 21.Bf2 Rac8 22.g4 Kf8 23.c3 Ke8 24.Nd3
Nd7 25.Rhe1 c5 26.d5 exd5 27.Bh4 Nf6 28.Bxf6 gxf6 29.Nf4 d4 30.cxd4
cxd4 31.Re4 Rc5 32.Rexd4 Rxd4 33.Rxd4 f5 34.Nd5 Bg5 35.f4 Bd8
36.gxf5 Rc6 37.Ne3 Rc5 38.Rd5 Rxd5 39.Nxd5 Kd7 40.Kc2 Kc6 41.Nc3
b5 42.Kd3 Bf6 43.Nd1 Kc5 44.Nf2 Bxb2 45.Ng4 Bg7 46.f6 Bf8 47.Ne5
Kd6 48.Nxf7+ Ke6 49.Ne5 Bd6 50.f7 a5 51.Nc6 Kxf7 52.Nxa5 Bxf4
53.Ke4 Bc7 54.Nb3 Kf6 55.Nd4 Bb6 1/2-1/2

[Event "Najdorf Memorial"]
[Site "Warsaw POL"]
[Date "2015.07.15"]
[Round "6.25"]
[White "Hrabinska, Myroslava"]
[Black "Krzyzanowski, Marcin"]
[Result "0-1"]
[WhiteElo "2270"]
[BlackElo "2427"]
[Annotator ""]
[Source ""]
[Remark ""]

1.e4 c5 2.b4 cxb4 3.Nf3 d5 4.exd5 Qxd5 5.c4 Qd8 6.a3 e5 7.Bb2
e4 8.Ne5 bxa3 9.Nxa3 Nf6 10.Qa4+ Bd7 11.Qb3 Nc6 12.Be2 Bc5 13.Qg3
Nxe5 14.Bxe5 O-O 15.O-O Re8 16.d4 exd3 17.Bxd3 Nh5 18.Bxh7+ Kxh7
19.Qc3 Qg5 0-1

[Event "Najdorf Memorial"]
[Site "Warsaw POL"]
[Date "2015.07.15"]
[Round "6.26"]
[White "Blahynka, Martin"]
[Black "Adamski, Jan"]
[Result "1-0"]
[WhiteElo "2420"]
[BlackElo "2293"]
[Annotator ""]
[Source ""]
[Remark ""]

1.d4 Nf6 2.c4 e6 3.Nc3 Bb4 4.Qc2 c5 5.dxc5 Qc7 6.a3 Bxc5 7.Nf3
a6 8.e3 Be7 9.b3 d6 10.Bb2 Nbd7 11.Be2 b6 12.Nd4 Bb7 13.Bf3 Rc8
14.O-O-O O-O 15.Rhg1 Ne5 16.Bxb7 Qxb7 17.f4 Nc6 18.g4 Nxd4 19.Rxd4
d5 20.g5 Nd7 21.cxd5 Bc5 22.Rd3 exd5 23.Kb1 Rfe8 24.Qg2 Qc6 25.Qxd5
Qxd5 26.Nxd5 a5 27.Rc1 Bf8 28.Rdc3 Rxc3 29.Rxc3 b5 30.b4 axb4
31.axb4 Nb8 32.Kc2 Na6 33.Kb3 Rd8 34.Rd3 Rc8 35.Bc3 Rc4 36.Nb6
Nxb4 37.Rd8 Nc6 38.Re8 Ne7 39.Nxc4 bxc4+ 40.Kxc4 f5 41.gxf6 gxf6
42.Bxf6 Nf5 43.Re5 1-0

[Event "Najdorf Memorial"]
[Site "Warsaw POL"]
[Date "2015.07.15"]
[Round "6.27"]
[White "Johannesson, Ingvar Thor"]
[Black "Grabinsky, Vladimir"]
[Result "1-0"]
[WhiteElo "2372"]
[BlackElo "2265"]
[Annotator ""]
[Source ""]
[Remark ""]

1.Nf3 d5 2.c4 e6 3.g3 Nf6 4.Bg2 dxc4 5.Qa4+ Bd7 6.Qxc4 Bc6 7.d3
Nbd7 8.O-O Be7 9.Qc2 O-O 10.e4 e5 11.Nbd2 Bc5 12.Nc4 Qe7 13.Na5
Bb5 14.a3 Bb6 15.Nc4 Rad8 16.b4 Bd4 17.Nxd4 exd4 18.a4 Bxc4 19.Qxc4
Ne5 20.Qb3 c5 21.bxc5 Nfd7 22.Qxb7 Rb8 23.Qxa7 Qxc5 24.Qxc5 Nxc5
25.Ba3 Nexd3 26.Rfd1 Rfd8 27.Bf1 Rb3 28.a5 Nb4 29.Bc4 Rc3 30.Bxf7+
Kxf7 31.Bxb4 Rc4 32.Bxc5 Rxc5 33.a6 Rc4 34.Rd3 Ke6 35.Ra5 Rc3
36.Rxc3 dxc3 37.Rc5 Ra8 38.Rxc3 Rxa6 39.Rc7 Kf6 40.Kg2 Ra3 41.e5+
Kg6 42.Rc2 Kf5 43.Re2 Ke6 44.f4 h6 45.g4 g6 46.Rd2 Ra4 47.Kf3
Ra3+ 48.Ke4 Ra4+ 49.Rd4 Ra2 50.f5+ gxf5+ 51.gxf5+ Kf7 52.h4 Rh2
53.Kd5 Rf2 54.f6 Ra2 55.Rc4 Rd2+ 56.Ke4 Re2+ 57.Kf5 Rf2+ 58.Rf4
Re2 59.Re4 Rf2+ 60.Kg4 Kg6 61.e6 1-0

[Event "Najdorf Memorial"]
[Site "Warsaw POL"]
[Date "2015.07.15"]
[Round "6.28"]
[White "Deszczynski, Adam"]
[Black "Jakubiec, Edyta"]
[Result "1-0"]
[WhiteElo "2356"]
[BlackElo "2212"]
[Annotator ""]
[Source ""]
[Remark ""]

1.c4 f5 2.g3 Nf6 3.Bg2 g6 4.Nc3 Bg7 5.d4 O-O 6.Nf3 d6 7.O-O Qe8
8.b3 h6 9.Bb2 g5 10.d5 Na6 11.Nd4 Qg6 12.Qc2 Bd7 13.e4 Nb4 14.Qb1
fxe4 15.Nxe4 Nxe4 16.Bxe4 Qf7 17.a3 Na6 18.Bg6 Qf6 19.Ra2 e5
20.dxe6 Bxe6 21.Nc6 Qf3 22.Ne7+ Kh8 23.Be4 Qf7 24.Ng6+ Kg8 25.Nxf8
Rxf8 26.Bxg7 Qxg7 27.Bxb7 Nc5 28.Bd5 Bxd5 29.cxd5 Nd7 30.Qe4
Ne5 31.f4 gxf4 32.Rxf4 Rxf4 33.Qxf4 Qg6 34.Rf2 Qb1+ 35.Rf1 Qxb3
36.Qf8+ Kh7 37.Qe7+ Kg6 38.Rf6+ Kh5 39.g4+ Kxg4 40.Qg7+ 1-0

[Event "Najdorf Memorial"]
[Site "Warsaw POL"]
[Date "2015.07.15"]
[Round "6.29"]
[White "Dabrowska, Krystyna"]
[Black "Mickiewicz, Piotr"]
[Result "0-1"]
[WhiteElo "2208"]
[BlackElo "2356"]
[Annotator ""]
[Source ""]
[Remark ""]

1.e4 c5 2.Nf3 d6 3.d4 cxd4 4.Nxd4 Nf6 5.Nc3 Nc6 6.g3 g6 7.Bg2
Nxd4 8.Qxd4 Bg7 9.O-O O-O 10.Qd3 Nd7 11.Nd5 Nc5 12.Qe2 e6 13.Ne3
b5 14.Rd1 Rb8 15.c3 b4 16.c4 a5 17.Rb1 Bb7 18.Nf1 Qc7 19.g4 Rfe8
20.Bf4 Be5 21.Bxe5 dxe5 22.b3 Rbd8 23.f3 Rxd1 24.Rxd1 Rd8 25.Ne3
Rd4 26.Bf1 Qd8 27.Kg2 Bc6 28.Kg3 a4 29.Qc2 Qg5 30.Ng2 axb3 31.axb3
Bxe4 32.fxe4 Nxe4+ 33.Kf3 Qf6+ 34.Ke3 Nc3 35.Re1 h5 36.gxh5 Qg5+
37.Kf3 e4+ 0-1

[Event "Najdorf Memorial"]
[Site "Warsaw POL"]
[Date "2015.07.15"]
[Round "6.30"]
[White "Woloch, Oskar"]
[Black "Saatdjian, Thomas"]
[Result "0-1"]
[WhiteElo "2108"]
[BlackElo "2353"]
[Annotator ""]
[Source ""]
[Remark ""]

1.d4 d5 2.Nf3 Nf6 3.Bg5 Ne4 4.Bh4 Qd6 5.c3 g6 6.e3 Bg7 7.Nbd2
O-O 8.Nxe4 dxe4 9.Nd2 Bf5 10.Be2 h5 11.O-O e5 12.Nc4 Qe6 13.Nxe5
Bxe5 14.dxe5 Nc6 15.Qb3 Nxe5 16.Qxb7 Rfb8 17.Qxc7 Rxb2 18.Bd1
Rc8 19.Qxa7 Bg4 20.Bb3 Rxb3 21.axb3 Nf3+ 22.Kh1 Nxh4 23.Ra6 Qxb3
24.Rb6 Qc4 25.Rfb1 Qc5 26.Qa6 Qxc3 27.Rb8 Rxb8 28.Rxb8+ Kg7 29.Rb1
Qf6 30.Qxf6+ Kxf6 31.h3 Be6 32.Kg1 g5 33.Rb8 Ng6 34.Rd8 Kg7 35.Rd6
Nf8 36.Ra6 f5 37.Ra5 Kf6 38.Ra8 Ng6 39.Ra7 Nf8 40.Ra8 Ng6 41.Ra7
h4 42.Ra5 Ne5 43.Ra8 g4 44.hxg4 fxg4 45.Rf8+ Nf7 46.Ra8 h3 47.Ra4
Bf5 48.Ra7 Ne5 49.Ra8 Ng6 50.Rd8 Nh4 51.gxh3 gxh3 52.Rh8 Nf3+
53.Kh1 h2 54.Re8 Bg6 55.Ra8 Bf7 56.Ra5 Bc4 57.Rc5 Bd3 58.Ra5
Ke6 59.Rc5 Kd6 60.Rc8 Kd5 61.Rc7 Bb5 62.Rc8 Bc6 63.Rd8+ Kc4 64.Rc8
Kb5 65.Rb8+ Kc4 66.Rc8 Kc5 67.Kg2 Kb6 68.Rb8+ Bb7 69.Rh8 Kc5
70.Rb8 Ba6 71.Re8 Bd3 72.Rc8+ Kb4 73.Rc7 Kb3 74.Rc8 Kb2 75.Rc7
Bc2 76.Rc8 Kc1 77.Rd8 Bd3 78.Ra8 Kd2 79.Ra7 Bc4 80.Rb7 Bf1+ 81.Kh1
Bh3 82.Rh7 Bf1 83.Rb7 Bd3 84.Kg2 Ke1 85.Rb2 Bf1+ 86.Kh1 Be2 87.Rb4
Ng5 88.Kxh2 Kxf2 89.Ra4 Kxe3 90.Kg3 Bd3 91.Ra5 Ne6 92.Re5 Nd4
93.Re8 Nc2 94.Rxe4+ Bxe4 95.Kg4 Kd4 96.Kg5 Ke5 97.Kh6 Ne3 98.Kg7
Ng4 99.Kf7 Bf5 100.Kg7 Ke6 101.Kh8 Kf6 102.Kg8 Nh6+ 103.Kh8 Nf7+
104.Kg8 Be4 105.Kf8 Bh7 106.Ke8 Ne5 107.Kf8 Nd7+ 108.Ke8 Ke6
109.Kd8 Kd6 110.Ke8 Bg6+ 111.Kd8 Bh5 112.Kc8 Nc5 113.Kd8 Nb7+
114.Kc8 Kc6 115.Kb8 Kb6 116.Kc8 Bg4+ 117.Kb8 Nc5 118.Ka8 Bf5 0-1

[Event "Najdorf Memorial"]
[Site "Warsaw POL"]
[Date "2015.07.15"]
[Round "6.31"]
[White "Janik, Igor"]
[Black "Lewtak, Damian"]
[Result "1/2-1/2"]
[WhiteElo "2261"]
[BlackElo "2341"]
[Annotator ""]
[Source ""]
[Remark ""]

1.e4 c5 2.Nf3 Nc6 3.Bb5 g6 4.Bxc6 bxc6 5.d3 Bg7 6.O-O d6 7.Nc3
e5 8.Be3 Ne7 9.Qc1 O-O 10.Bh6 f6 11.Bxg7 Kxg7 12.Nd2 g5 13.a3
a5 14.Ne2 Ng6 15.Nc4 h5 16.Ne3 h4 17.c3 Nf4 18.Qc2 Be6 19.g3
Nh3+ 20.Kg2 Qd7 21.f3 hxg3 22.hxg3 Rh8 23.Rh1 g4 24.f4 f5 25.Raf1
Rhf8 26.c4 Rae8 27.Qc3 Kg8 28.Ng1 fxe4 29.dxe4 exf4 30.gxf4 Rxf4
31.Nxh3 gxh3+ 32.Kh2 Rxf1 33.Rxf1 Kh7 34.Nf5 Bxf5 35.Rxf5 Re6
36.Rh5+ Rh6 37.Rxh6+ Kxh6 38.Qxh3+ Qxh3+ 39.Kxh3 Kg6 40.Kg4 Kf6
41.Kf4 Ke6 42.b3 Kf6 43.a4 Ke6 44.Kf3 Kf7 45.Kg3 Kg7 46.Kf3 Kf6
47.Kf4 Ke6 48.Kf3 Ke5 49.Ke3 1/2-1/2

[Event "Najdorf Memorial"]
[Site "Warsaw POL"]
[Date "2015.07.15"]
[Round "6.32"]
[White "Polok, Kacper"]
[Black "Percivaldi, Martin"]
[Result "1-0"]
[WhiteElo "2213"]
[BlackElo "2310"]
[Annotator ""]
[Source ""]
[Remark ""]

1.e4 d5 2.exd5 Qxd5 3.Nc3 Qa5 4.d4 c6 5.Nf3 Bf5 6.Bd2 e6 7.Bc4
Nd7 8.Qe2 Bb4 9.O-O-O Ngf6 10.Ne5 Nxe5 11.dxe5 Nd5 12.Bxd5 exd5
13.g4 Bd7 14.a3 Bxc3 15.Bxc3 Qb6 16.f4 O-O-O 17.f5 Rde8 18.Rhe1
Rhg8 19.Qf3 g6 20.e6 fxe6 21.f6 Rgf8 22.Be5 Rf7 23.g5 Qd8 24.h4
b6 25.h5 Rg8 26.Rh1 Kb7 27.Rd2 gxh5 28.Rxh5 Rg6 29.Rdh2 Qg8 30.Qf4
c5 31.b3 a5 32.Kb2 Be8 33.Qh4 h6 34.Rxh6 Rxg5 35.Rh8 Qg6 36.Rxe8
Rxe5 37.Re7+ Kc6 38.Qh8 Re1 39.Qc8+ Kd6 40.Qc7# 1-0

[Event "Najdorf Memorial"]
[Site "Warsaw POL"]
[Date "2015.07.15"]
[Round "6.33"]
[White "Zujev, Oleg"]
[Black "Kukula, Pawel"]
[Result "1/2-1/2"]
[WhiteElo "2296"]
[BlackElo "2211"]
[Annotator ""]
[Source ""]
[Remark ""]

1.d4 f5 2.Nc3 Nf6 3.Bg5 d5 4.f3 c6 5.Qd2 h6 6.Bh4 g5 7.Bf2 Be6
8.h4 g4 9.e3 Bf7 10.Bd3 e6 11.e4 fxe4 12.fxe4 Bb4 13.exd5 cxd5
14.Nge2 Nc6 15.O-O-O Qe7 16.Be3 Ng8 17.Bf4 O-O-O 18.Qe3 Bd6 19.Rhf1
a6 20.Bxd6 Rxd6 21.Qf4 Be8 22.Qxg4 Nf6 23.Qf3 e5 24.dxe5 Nxe5
25.Bf5+ Kb8 26.Qe3 Bf7 27.Nd4 Re8 28.Rde1 Qc7 29.Qf4 Rb6 30.Rd1
Nh5 31.Qf2 Nc4 32.Bd3 Rf6 33.Qg1 Ne3 34.Rxf6 Nxf6 35.Re1 Qf4
36.Nce2 Qxh4 37.g3 Qg5 38.Nf4 Nfg4 39.Kb1 Qf6 40.c3 h5 41.Nc2
Nxc2 42.Rxe8+ Bxe8 43.Bxc2 Qe5 44.Nd3 Qe3 45.Qxe3 Nxe3 46.Nf2
Kc7 47.Bd1 Kd6 48.Kc1 Ke5 49.Be2 Nf5 50.Bxh5 Bxh5 51.g4 Bxg4 1/2-1/2

[Event "Najdorf Memorial"]
[Site "Warsaw POL"]
[Date "2015.07.15"]
[Round "6.34"]
[White "Masse, Hugues"]
[Black "Derakhshani, Dorsa"]
[Result "1/2-1/2"]
[WhiteElo "2222"]
[BlackElo "2280"]
[Annotator ""]
[Source ""]
[Remark ""]

1.d4 Nf6 2.c4 e6 3.g3 d5 4.Nf3 dxc4 5.Bg2 Bb4+ 6.Bd2 c5 7.O-O
O-O 8.dxc5 Bxc5 9.Qc2 Qc7 10.Bf4 Bd6 11.Bxd6 Qxd6 12.Na3 Bd7
13.Nxc4 Qc7 14.Rac1 Nc6 15.Nce5 Qa5 16.Nxd7 Nxd7 17.Rfd1 Rfd8
18.a3 Rac8 19.Nd4 Nxd4 20.Qxc8 Nxe2+ 21.Kf1 Nxc1 22.Qxc1 Kf8
23.Kg1 Qb6 24.Rd3 Ke8 25.Qd2 Ne5 26.Rxd8+ Qxd8 27.Qe2 Nc6 28.Bxc6+
bxc6 29.Qc2 Qb6 30.b4 h6 31.Qc3 f6 32.Qd3 Qc7 33.Qc4 Qd7 34.Qc2
Kd8 35.h4 e5 36.Qc5 Kc8 37.b5 Kb7 38.bxc6+ Qxc6 39.Qe7+ Qc7 40.Qb4+
Kc6 41.a4 a5 42.Qb5+ Kd6 43.Qd3+ Ke7 44.Qd5 Kf8 45.Qa8+ Kf7 46.Qd5+
Kg6 47.Qe4+ f5 48.Qa8 e4 49.Qe8+ Kf6 50.h5 Qe5 51.Qd8+ Ke6 52.Qe8+
Kd5 53.Qb5+ Kd6 54.Qb8+ Ke6 55.Qe8+ Kf6 56.Qd8+ Kf7 57.Qd7+ Kg8
58.Kg2 Kh7 59.Qf7 1/2-1/2

[Event "Najdorf Memorial"]
[Site "Warsaw POL"]
[Date "2015.07.15"]
[Round "6.35"]
[White "Warakomska, Anna"]
[Black "Winiarski, Mikolaj"]
[Result "1/2-1/2"]
[WhiteElo "2274"]
[BlackElo "2160"]
[Annotator ""]
[Source ""]
[Remark ""]

1.e4 c5 2.Nf3 d6 3.d4 cxd4 4.Qxd4 Nc6 5.Bb5 Bd7 6.Qd3 Nf6 7.c4
g6 8.Nc3 Bg7 9.O-O O-O 10.h3 Nb4 11.Qe2 a6 12.Bxd7 Nxd7 13.Be3
Rc8 14.Rfd1 Qc7 15.Rac1 Qb8 16.a3 Nc6 17.Nd5 Rfe8 18.b4 e6 19.Nc3
Nde5 20.Nd2 f5 21.Na4 Nf7 22.Nb6 Rcd8 23.b5 Ne7 24.Rb1 axb5 25.cxb5
d5 26.exf5 Nxf5 27.Bc5 e5 28.Nb3 d4 29.Qc4 N5d6 30.Qb4 Ne4 31.Na4
Qc8 32.Bb6 Rd6 33.Qe1 Qf5 34.Nbc5 Nxc5 35.Bxc5 Rd5 36.Bxd4 Qf4
37.Be3 Rxd1 38.Qxd1 Qf5 39.Nc5 Rd8 40.Qb3 b6 41.Ne6 Rd3 42.Qc2
Bf6 43.a4 e4 44.Qa2 Rd6 45.Nf4 Be5 46.Ne2 Kg7 47.Qc2 Qd7 48.Bf4
Bxf4 49.Nxf4 Qf5 50.Qc3+ Ne5 51.Qe3 Nc4 52.Qc3+ Ne5 53.Qe3 Nc4
54.Qc3+ 1/2-1/2

[Event "MetLife Warsaw Najdorf Chess Festival  gr. A"]
[Site "Warszawa"]
[Date "2015.07.14"]
[Round "6.36"]
[White "Nowak, Lukasz"]
[Black "Teclaf, Pawel"]
[Result "1-0"]
[WhiteElo "2116"]
[BlackElo "2235"]
[Annotator ""]
[Source ""]
[Remark ""]

1.e4 c5 2.Nf3 d6 3.d4 cxd4 4.Nxd4 Nf6 5.Nc3 a6 6.g3 e6 7.Bg2
Be7 8.O-O O-O 9.Be3 Nc6 10.Nxc6 bxc6 11.Na4 Rb8 12.c4 e5 13.b3
Be6 14.Rc1 Qd7 15.Qd3 Bh3 16.Rfd1 Bxg2 17.Kxg2 Qg4 18.f3 Qg6
19.Nc3 a5 20.c5 dxc5 21.Na4 h5 22.Qc3 Rbe8 23.Qxe5 c4 24.Rxc4
Bd8 25.Qf4 h4 26.Bc5 Be7 27.Bxe7 Rxe7 28.Qxh4 Re6 29.Nc5 Ree8
30.Rd6 Re7 31.Rcd4 Rfe8 32.Nd3 c5 33.Nf4 Qh7 34.Qxh7+ Kxh7 35.Rc4
Ra7 36.Nd5 Nxd5 37.Rxd5 Rb8 38.Rdxc5 a4 39.Rxa4 Rxa4 40.bxa4
Rb2+ 41.Kh3 Rxa2 42.a5 f6 43.g4 g5 44.Kg3 Ra3 45.Rf5 Kg6 46.h4
gxh4+ 47.Kxh4 Ra1 48.Kg3 Ra3 49.Kf4 Ra4 50.Ke3 1-0

[Event "MetLife Warsaw Najdorf Chess Festival  gr. A"]
[Site "Warszawa"]
[Date "2015.07.14"]
[Round "6.37"]
[White "Warszawski, Bartosz"]
[Black "Rozycki, Bartlomiej"]
[Result "0-1"]
[WhiteElo "2233"]
[BlackElo "2198"]
[Annotator ""]
[Source ""]
[Remark ""]

1.e4 e5 2.Nf3 Nc6 3.d4 exd4 4.c3 dxc3 5.Nxc3 Bb4 6.Bc4 d6 7.Qb3
Qe7 8.O-O Bxc3 9.bxc3 Nf6 10.e5 Nxe5 11.Nxe5 dxe5 12.Ba3 c5 13.Bb5+
Kf8 14.Rfe1 Bf5 15.c4 Rd8 16.Qe3 b6 17.Bb2 e4 18.f3 h6 19.Qf4
Bg6 20.fxe4 Nxe4 21.Be5 Kg8 22.Bc6 f5 23.Bxe4 fxe4 24.Re3 Kh7
25.Bb2 Rhf8 26.Qg4 Qf7 27.Qg3 Qxc4 28.h4 h5 29.Qe5 Qf7 30.Rg3
Rd5 31.Qc3 Rd3 0-1

[Event "MetLife Warsaw Najdorf Chess Festival  gr. A"]
[Site "Warszawa"]
[Date "2015.07.14"]
[Round "6.38"]
[White "Lach, Aleksandra"]
[Black "Karpus, Michal"]
[Result "0-1"]
[WhiteElo "2227"]
[BlackElo "2114"]
[Annotator ""]
[Source ""]
[Remark ""]

1.d4 Nf6 2.Nf3 g6 3.c4 Bg7 4.Nc3 O-O 5.Bf4 d6 6.h3 Nc6 7.e3 Nd7
8.Be2 e5 9.Bh2 f5 10.d5 Ne7 11.Ng5 Nc5 12.b4 Na6 13.a3 Kh8 14.O-O
h6 15.Nf3 g5 16.e4 f4 17.Ne1 Ng8 18.Nd3 Nf6 19.f3 Rg8 20.c5 h5
21.c6 Bh6 22.cxb7 Bxb7 23.Nf2 Nb8 24.Ra2 Nbd7 25.Rc2 a6 26.a4
Rg7 27.a5 Nf8 28.Ra2 Ng6 29.b5 Nh4 30.Qb3 axb5 31.Rfa1 Bc8 32.g4
fxg3 33.Bxg3 Nd7 34.Qb4 Qf6 35.Nxb5 Nc5 36.Qc3 Ba6 37.Rb2 Rf8
38.Ra3 Rgf7 39.Kh2 Ng6 40.Kg1 Nf4 41.Bf1 Rg8 42.Na7 g4 43.fxg4
Bxf1 44.Kxf1 Nfd3 45.Qxd3 Nxd3 46.Rxd3 hxg4 47.hxg4 Rxg4 48.a6
Rxe4 49.Nc6 Ra4 50.a7 e4 51.Rdb3 e3 52.Rb8+ Kh7 53.Nd8 Ra1+ 54.Rb1
Rxa7 55.Nxf7 Qxf7 56.R8b2 exf2 57.Rxf2 Qxd5 58.Re1 Qh1+ 0-1

[Event "MetLife Warsaw Najdorf Chess Festival  gr. A"]
[Site "Warszawa"]
[Date "2015.07.14"]
[Round "6.39"]
[White "Bjornsson, Sigurbjorn"]
[Black "Wisniowska, Klaudia"]
[Result "0-1"]
[WhiteElo "2327"]
[BlackElo "2186"]
[Annotator ""]
[Source ""]
[Remark ""]

1.e4 c5 2.Nf3 d6 3.d4 cxd4 4.Nxd4 Nf6 5.Nc3 Nc6 6.Bg5 e6 7.Qd2
a6 8.O-O-O Bd7 9.f3 Be7 10.h4 h6 11.Be3 h5 12.Bg5 Qc7 13.Kb1
Ne5 14.Be2 b5 15.Bd3 b4 16.Nce2 Qb6 17.Rhe1 a5 18.f4 Neg4 19.f5
e5 20.Nf3 a4 21.Ng3 Qc5 22.Re2 g6 23.b3 gxf5 24.Nxf5 Bxf5 25.exf5
Kf8 26.Bc4 e4 27.Nd4 d5 28.Bb5 a3 29.Be3 Nxe3 30.Rxe3 Ng4 31.c4
Rd8 32.Re2 Bf6 33.Nc6 e3 34.Qxb4 Qxb4 35.Nxb4 d4 36.Nc6 d3 37.Ree1
d2 38.Re2 Rd6 39.Nb4 Bxh4 40.Nc2 Bg5 41.c5 Rd5 42.b4 Kg7 43.Bc4
Rxf5 44.c6 Nf2 45.Nxe3 Bxe3 46.Rdxd2 Bxd2 47.Rxd2 Ne4 48.Rd4
Nc3+ 49.Kc2 Nb5 50.Rd7 Rc8 51.Bd5 Nd4+ 0-1

[Event "Najdorf Memorial"]
[Site "Warsaw POL"]
[Date "2015.07.16"]
[Round "7.2"]
[White "Cheparinov, Ivan"]
[Black "Zhigalko, Andrey"]
[Result "1/2-1/2"]
[WhiteElo "2683"]
[BlackElo "2574"]
[Annotator ""]
[Source ""]
[Remark ""]

1.d4 Nf6 2.c4 e6 3.Nf3 b6 4.g3 Ba6 5.b3 Bb4+ 6.Bd2 Be7 7.Nc3
O-O 8.Bg2 c6 9.e4 d5 10.exd5 cxd5 11.Ne5 Bb7 12.O-O Nc6 13.Bf4
Rc8 14.Rc1 Na5 15.Qe2 dxc4 16.Bxb7 Nxb7 17.bxc4 Nd7 18.Nb5 Nxe5
19.Bxe5 Bg5 20.f4 Be7 21.Nxa7 f6 22.Nxc8 Qxc8 23.d5 fxe5 24.fxe5
Rxf1+ 25.Rxf1 exd5 26.Qf3 Bc5+ 27.Kg2 dxc4 28.Qd5+ Kh8 29.Rf7
Nd8 30.Rf4 c3 31.Rc4 Ne6 32.Rxc3 Ng5 33.Rc1 h6 34.Rd1 Qh3+ 35.Kh1
Qf5 36.Qd8+ Bf8 37.Qd3 Ne4 38.Kg2 Qf2+ 39.Kh1 Qf5 40.Kg2 Qf2+
41.Kh1 Ng5 42.Rf1 Qc5 43.h4 Ne6 44.Qe4 b5 45.Kg2 b4 46.Rf2 Qb6
47.Qd5 Bc5 48.Qa8+ Kh7 49.Qe4+ Kg8 50.Qa8+ Kh7 51.Rc2 Qb5 52.Qe4+
Kh8 53.Qa8+ Kh7 54.Qe4+ Kh8 55.Qa8+ Kh7 56.Qe4+ 1/2-1/2

[Event "Najdorf Memorial"]
[Site "Warsaw POL"]
[Date "2015.07.16"]
[Round "7.3"]
[White "Drozdowski, Kacper"]
[Black "Safarli, Eltaj"]
[Result "1/2-1/2"]
[WhiteElo "2468"]
[BlackElo "2649"]
[Annotator ""]
[Source ""]
[Remark ""]

1.e4 c5 2.Nf3 d6 3.d4 cxd4 4.Nxd4 Nf6 5.f3 e5 6.Nb3 d5 7.Bg5
d4 8.c3 Nc6 9.Bb5 h6 10.Bh4 Qb6 11.c4 a6 12.Bxc6+ Qxc6 13.N1d2
Be7 14.Bg3 Qe6 15.Nc1 Nh5 16.Nd3 Bd6 17.Bf2 g5 18.c5 Bc7 19.Qb3
Qxb3 20.axb3 Be6 21.Nc4 Nf4 22.Nxf4 gxf4 23.g3 fxg3 24.hxg3 h5
25.g4 Kd7 26.gxh5 Rh6 27.f4 f6 28.Nb6+ Bxb6 29.cxb6 Rah8 30.fxe5
fxe5 31.Rc1 Rxh5 32.Rc7+ Kd6 33.Rxh5 Rxh5 34.b4 Rh1+ 35.Kd2 Rh2
36.Ke1 Bb3 37.Rxb7 Rh1+ 38.Kd2 Rb1 39.Rg7 Rxb2+ 40.Ke1 Rb1+ 41.Kd2
Rb2+ 42.Ke1 Ba4 43.Rg6+ Kd7 44.b7 Rxb4 45.Rg8 Rxb7 46.Rg7+ Kc6
47.Rxb7 Kxb7 48.Bg3 Bc6 49.Bxe5 d3 50.Kd2 Bxe4 51.Kc3 Kc6 52.Bf4
a5 53.Kb2 Kb5 54.Bd2 a4 55.Ka3 Bc6 1/2-1/2

[Event "Najdorf Memorial"]
[Site "Warsaw POL"]
[Date "2015.07.16"]
[Round "7.4"]
[White "Meskovs, Nikita"]
[Black "Durarbayli, Vasif"]
[Result "1-0"]
[WhiteElo "2457"]
[BlackElo "2630"]
[Annotator ""]
[Source ""]
[Remark ""]

1.d4 Nf6 2.c4 g6 3.f3 Nc6 4.Nc3 d5 5.cxd5 Nxd5 6.e4 Nxc3 7.bxc3
Bg7 8.Bd3 O-O 9.Ne2 b6 10.h4 Na5 11.h5 c5 12.hxg6 fxg6 13.Bh6
Bxh6 14.Rxh6 cxd4 15.cxd4 e5 16.Qd2 exd4 17.Kf2 Rf7 18.Rah1 Qf6
19.R1h5 Nc6 20.Bc4 Be6 21.Bxe6 Qxe6 22.Nf4 Rxf4 23.Qxf4 Rf8 24.Qg5
Qxe4 25.Rh4 Qc2+ 26.Kg3 Rf7 27.Re4 Qc5 28.Re8+ Rf8 29.Rxg6+ hxg6
30.Qxg6+ Kh8 31.Re1 1-0